Hindi sahitya ka aaluchanatmak itihas : (Record no. 7165)

MARC details
000 -LEADER
fixed length control field 00570cam a2200217ua 4500
001 - CONTROL NUMBER
control field 8053
005 - DATE AND TIME OF LATEST TRANSACTION
control field 20260515114304.0
008 - FIXED-LENGTH DATA ELEMENTS--GENERAL INFORMATION
fixed length control field 150105n ii |||gr||||Z||||||hin
020 ## - INTERNATIONAL STANDARD BOOK NUMBER
International Standard Book Number 8180310949
040 ## - CATALOGING SOURCE
Transcribing agency MAIN
041 ## - LANGUAGE CODE
Language code of text/sound track or separate title hin
082 ## - DEWEY DECIMAL CLASSIFICATION NUMBER
Classification number 891.43
100 ## - MAIN ENTRY--PERSONAL NAME
Personal name Verma, R.,
Relator term Author.
245 1# - TITLE STATEMENT
Title Hindi sahitya ka aaluchanatmak itihas :
Remainder of title 750-1750 /
Statement of responsibility, etc. By Ramkumar Verma .
250 ## - EDITION STATEMENT
Edition statement 1st.
260 ## - PUBLICATION, DISTRIBUTION, ETC.
Place of publication, distribution, etc. Ilahabad:
Name of publisher, distributor, etc. Lokbharati,
Date of publication, distribution, etc. 2007.
300 ## - PHYSICAL DESCRIPTION
Extent xiv,688p.
653 ## - INDEX TERM--UNCONTROLLED
Uncontrolled term East Indo-European & Celtic literatures
653 ## - INDEX TERM--UNCONTROLLED
Uncontrolled term Hindi literature
942 ## - ADDED ENTRY ELEMENTS (KOHA)
Koha item type Books
Holdings
Withdrawn status Lost status Damaged status Not for loan Home library Current library Shelving location Date acquired Total checkouts Full call number Barcode Date last seen Copy number Price effective from Koha item type
        Naharkatiya College Library Naharkatiya College Library General stacks 09/19/2020   891.43 | VER 17825 09/19/2020 1 09/19/2020 Books